Tha Carter III - Lil Wayne - Statistics

General Stats
  • This quiz has been taken 12 times
  • The average score is 9 of 16
Answer Stats
Songs Plays Artists % Correct
A Milli 699,461,133 Lil Wayne
100%
Mr. Carter 109,355,765 Lil Wayne, Jay-Z
89%
Mrs. Officer 370,944,563 Lil Wayne, Bobby V., Kidd Kidd
89%
3 Peat 75,061,426 Lil Wayne
67%
Comfortable 36,679,371 Lil Wayne, Babyface
67%
Dr. Carter 15,907,813 Lil Wayne
67%
Got Money 93,344,828 Lil Wayne, T-Pain
67%
La La 16,320,780 Lil Wayne, Busta Rhymes, Brisco
67%
Lollipop 699,942,386 Lil Wayne, Static Major
67%
Pussy Monster 10,762,049 Lil Wayne
56%
Tie My Hands 25,562,276 Lil Wayne, Robin Thicke
56%
Let the Beat Build 59,410,396 Lil Wayne
33%
You Ain't Got Nuthin 16,282,496 Lil Wayne, Fabolous, Juelz Santana
33%
DontGetIt 17,944,735 Lil Wayne
22%
Phone Home 17,319,600 Lil Wayne
22%
Shoot Me Down 25,407,222 Lil Wayne, D. Smith
22%
No matching quizzes found
Score Distribution
Percent of People with Each Score
Percentile by Number Answered
Your Score History
You have not taken this quiz